Autoatlas ČSSR 1:400 000

Bibliographic Details
Corporate Author: Kartografický a reprodukční ústav (Praha, Česko) (Author, Printer)
Format: Book
Language:Czech
PhysicalDescription:165 strán, [51] strán obrazových príloh diagramy, mapy 25 cm
Published: Praha Ústřední správa geodesie a kartografie 1963
Edition:1. vyd.
Subjects:

MARC

LEADER 00000cam a2200000 a 4500
001 vtls001158640
003 SK-MaSNL
005 20260311125117.0
008 240226s1963 xr b g n 001 0 cze
015 |a SNBA1963 
020 |q (viazané) 
035 |a SNK000101546 
035 |a 7CF314B1-96DE-4745-ACBF-9AEA902C406B 
035 |a urn:nbn:sk:snk-am00ikaj 
040 |a SNK  |b slo  |c SNK  |e AACR2 
041 0 |a cze 
043 |a e-cs--- 
044 |a xr  |c CZ 
072 7 |a 912  |x Mapy. Atlasy  |2 konspekt 
072 7 |a 913(437)  |x Geografia Česka a Slovenska, reálie, cestovanie  |2 konspekt 
080 |a 912(437):656.13  |2 1981 
080 |a 656.1  |2 2011 
080 |a (437)  |2 2011 
080 |a (084.4)  |2 2011 
110 2 |a Kartografický a reprodukční ústav (Praha, Česko)  |4 aut  |4 prt  |9 101820 
245 1 0 |a Autoatlas ČSSR  |b 1:400 000  |c zpracoval a vytiskl Kartografický a reprodukční ústav v Praze 
250 |a 1. vyd. 
260 |a Praha  |b Ústřední správa geodesie a kartografie  |c 1963 
300 |a 165 strán, [51] strán obrazových príloh  |b diagramy, mapy  |c 25 cm 
500 |a Obsahuje najdôležitejšie dopravné značky, vzdialenostný diagram, prejazdné plány miest 
504 |a Obsahuje register 
650 0 7 |a cestná doprava  |2 SNKPH  |9 1776 
651 7 |a Československo  |2 SNKPHgeo  |9 21376 
655 7 |a autoatlasy  |2 SNKPH  |9 70658 
852 |a Slovenská národná knižnica 
954 |a iná literatúra (príručky, kuchárske knihy, hobby literatúra, sprievodcovia) pôvodná (slovenská)  |2 lita 
958 |a RK 
958 |a TL 
958 |a CZ 
958 |a OND 
958 |a NB 
958 |a EUIPO 
999 |c 689554  |d 691484 
952 |a SNK  |b SNK  |y PREZ  |7 0  |p 17A0309520  |o snkSC 18600  |i snkKIP 1515/64  |0 0  |1 0  |4 0  |d 2001-07-31  |f 1  |l 0  |r 2025-07-25 00:00:00  |w 2026-02-23 
952 |t P60, <04>, [BOOK], {604}  |a SNK  |b SNK  |y VYP  |7 0  |p 17A0307305  |o snkSC 18600 D1  |0 0  |1 0  |4 0  |d 2001-08-07  |l 0  |r 2005-01-01 00:00:00  |w 2026-02-23